| 000 | 00612nam a22001937a 4500 | ||
|---|---|---|---|
| 005 | 20180410122639.0 | ||
| 010 | _aENG-122599 | ||
| 020 |
_a9789386224767 _c150.00 |
||
| 035 | _aEN-106131 | ||
| 037 | _bDBAD/PUB | ||
| 082 | _a330.16 | ||
| 100 | _aSanghi,Ashwin | ||
| 245 |
_a13 Steps to bloody good marks / _cby Ashwin Sanghi and Ashok Rajani |
||
| 260 |
_c2017 _aChennai _bwestlan publications |
||
| 270 |
_a61,IInd floor,silverline Building,Alapakkam Main Road,Maduravoyal, _bChennai _e600095 |
||
| 300 |
_c21cm(pbk) _a142p. |
||
| 700 | _dRajani,Ashok | ||
| 942 |
_cEN _2ddc _mSAN _h330.16 |
||
| 999 |
_c150955 _d150955 |
||